000 005570000a22001690004500
090 _aAR
_b01784
245 1 0 _aFlock foraging in nectar-feeding bats: advantages to the bats and to the host plants
650 1 4 _aRelación planta-animal
_992861
650 1 4 _aMurciélagos
_92659
650 1 4 _aHábitos alimentarios
_93824
651 4 _dArizona
_pEstados Unidos
_992749
653 _gLeptonycteris
_eLeptonycteris sanborni
041 0 _aInglés
100 1 _aHowell, D. J.
_995228
942 _cARTICULO
773 1 _tAmerican Naturalist
_3122
_h1
_q23-49
_d1979
_g114
999 _c10861
_d10861